00730nam a2200193 a 4500003000200000005001700002008004100019050002900060100002900089245010500118260009200223300004800315504004100363650002200404650002500426650002400451650002700475650003400502020250313154250.0080116s19uu xx 00 eng d aPGS BL 625.3b.L431 2007 aLazo, Guillano Miguel C. aReligious beliefs and moral values of Catholic and Non-Catholic students /cGuillano Miguel C. Lazo. aLas Piñas City, Philippines : bSouthville International School and Colleges,c2007. a59 pages :bcolored illustrations ;c28 cm. aIncludes bibliographical references. aMoral education.  aReligious education. aCatholic students.  aNon-Catholic students. aReligious beliefs and morals.